LEADER 00850nam0-22003131i-450- 001 990005542100403321 005 20060619140739.0 035 $a000554210 035 $aFED01000554210 035 $a(Aleph)000554210FED01 035 $a000554210 100 $a19990604d1966----km-y0itay50------ba 101 0 $afre 105 $ay-------001yy 200 1 $a<>diplomatique$fpar Georges Tessier 205 $a3. Td. rev. 210 $aParis$cPresses Universitaires de France$d1966 215 $a126 p.$d18 cm 225 1 $aQue sais-je?$v536 610 0 $aStoria$aSaggi 676 $a909$v21$zita 700 1$aTessier,$bGeorges$0212229 801 0$aIT$bUNINA$gRICA$2UNIMARC 901 $aBK 912 $a990005542100403321 952 $a909 QUE 14$bST.MED.MOD. 4764$fFLFBC 959 $aFLFBC 996 $aDiplomatique$9611142 997 $aUNINA LEADER 00857nam0 2200289 450 001 9910252349503321 005 20181126172229.0 010 $a978-88-93910-01-9 100 $a20180202d2016----km y0itay50 ba 101 0 $aita 102 $aIT 105 $a 001yy 200 1 $aSulle strade della musica$ejazz, immaginario, ideologia$fLuigi Caramiello ... [et al.] 210 $aNapoli$cScientifica$d2016 215 $a244 p.$d21 cm 225 1 $aFrontiere delle scienze sociali$v3 610 0 $aMusica Jazz$aAspetti socioculturali 676 $a306.484$v22$zita 676 $a781.65$v22$zita 702 1$aCaramiello,$bLuigi$f<1957- > 801 0$aIT$bUNINA$gREICAT$2UNIMARC 901 $aBK 912 $a9910252349503321 952 $a306.484 CAR 1$b4687$fBFS 959 $aBFS 996 $aSulle strade della musica$91504074 997 $aUNINA